All Ed Sheeran's Albums Quiz - Statistics

General Stats
  • This quiz has been taken 59 times
    27 since last reset
  • The average score is 5 of 7
Answer Stats
Year Album % Correct
2014 X
100%
2017 ÷
95%
2011 +
91%
2021 =
73%
2023 -
64%
2023 Autumn Variations
36%
2019 No.6 Collaborations Project
14%
No matching quizzes found
Score Distribution
Percent of People with Each Score
Percentile by Number Answered
Your Score History
You have not taken this quiz since the last reset